<?xml version="1.0" encoding="UTF-8"?><?xml-stylesheet type="text/xsl" href="static/style.xsl"?><OAI-PMH xmlns="http://www.openarchives.org/OAI/2.0/" xmlns:xsi="http://www.w3.org/2001/XMLSchema-instance" xsi:schemaLocation="http://www.openarchives.org/OAI/2.0/ http://www.openarchives.org/OAI/2.0/OAI-PMH.xsd"><responseDate>2026-04-14T04:58:36Z</responseDate><request verb="GetRecord" identifier="oai:www.recercat.cat:2445/216052" metadataPrefix="marc">https://recercat.cat/oai/request</request><GetRecord><record><header><identifier>oai:recercat.cat:2445/216052</identifier><datestamp>2025-11-19T20:52:12Z</datestamp><setSpec>com_2072_1057</setSpec><setSpec>col_2072_478917</setSpec><setSpec>col_2072_478938</setSpec></header><metadata><record xmlns="http://www.loc.gov/MARC21/slim" xmlns:dcterms="http://purl.org/dc/terms/" xmlns:xsi="http://www.w3.org/2001/XMLSchema-instance" xmlns:doc="http://www.lyncode.com/xoai" xsi:schemaLocation="http://www.loc.gov/MARC21/slim http://www.loc.gov/standards/marcxml/schema/MARC21slim.xsd">
   <leader>00925njm 22002777a 4500</leader>
   <datafield ind2=" " ind1=" " tag="042">
      <subfield code="a">dc</subfield>
   </datafield>
   <datafield ind2=" " ind1=" " tag="720">
      <subfield code="a">Casas Martí, Joan</subfield>
      <subfield code="e">author</subfield>
   </datafield>
   <datafield ind2=" " ind1=" " tag="720">
      <subfield code="a">González Melero, Susana</subfield>
      <subfield code="e">author</subfield>
   </datafield>
   <datafield ind2=" " ind1=" " tag="260">
      <subfield code="c">2024-10-25T12:59:41Z</subfield>
   </datafield>
   <datafield ind2=" " ind1=" " tag="260">
      <subfield code="c">2024-10-25T12:59:41Z</subfield>
   </datafield>
   <datafield ind2=" " ind1=" " tag="260">
      <subfield code="c">2019-04-01</subfield>
   </datafield>
   <datafield ind2=" " ind1=" " tag="260">
      <subfield code="c">2024-10-25T12:59:41Z</subfield>
   </datafield>
   <datafield ind2=" " ind1=" " tag="520">
      <subfield code="a">L’estudi planteja, d’una banda, la relació que pot tenir la situació sociofamiliar dels pacients amb la temporalitat de l’ingrés hospitalari, i, d’altra banda, la influència que pot tenir-hi també la complexitat i l’organització de la intervenció social hospitalària. S’ha comptat amb una mostra de 105 pacients ingressats, valorats i atesos per professionals del treball social a la Unitat de Subaguts del Centre Fòrum de Barcelona durant l’any 2017 (n=105). S’ha utilitzat una metodologia quantitativa mitjançant el subministrament de l’escala de valoració sociofamiliar de Gijón, l’escala de la complexitat de la intervenció social en context hospitalari ECISACH-BCN PSMAR i la recollida d’altres informacions relatives al perfil dels pacients de la mostra i a l’estada hospitalària. Els resultats apunten que aquells pacients amb una situació de risc o de problemàtica social han realitzat ingressos més prolongats en el temps que els que gaudeixen d’una realitat sociofamiliar més favorable. També s’ha idenficat una tendència a l’increment dels dies d’hospitalització en els casos en què la complexitat de la intervenció social ha estat superior. Tanmateix, quan l’organització de la intervenció social ha estat precoç i proactiva, els pacients han realitzat ingressos hospitalaris més curts independentment dels nivells de risc social que presentaven, disminuint, també, els efectes de la complexitat de la intervenció social realitzada. En aquest sentit, es reivindica el treball social sanitari com una professió que no està renyida amb l’eficiència dels recursos sanitaris, sinó que pot ser facilitadora de la seva optimització.</subfield>
   </datafield>
   <datafield tag="653" ind2=" " ind1=" ">
      <subfield code="a">Ingressos i altes en els hospitals</subfield>
   </datafield>
   <datafield tag="653" ind2=" " ind1=" ">
      <subfield code="a">Treball social mèdic</subfield>
   </datafield>
   <datafield tag="653" ind2=" " ind1=" ">
      <subfield code="a">Gestió hospitalària</subfield>
   </datafield>
   <datafield tag="653" ind2=" " ind1=" ">
      <subfield code="a">Hospital admission and discharge</subfield>
   </datafield>
   <datafield tag="653" ind2=" " ind1=" ">
      <subfield code="a">Medical social work</subfield>
   </datafield>
   <datafield tag="653" ind2=" " ind1=" ">
      <subfield code="a">Hospital administration</subfield>
   </datafield>
   <datafield ind2="0" ind1="0" tag="245">
      <subfield code="a">La dimensió social de la durada de l’estada hospitalària. El cas de la Unitat de Subaguts del Centre Fòrum</subfield>
   </datafield>
   <datafield ind2="0" ind1="0" tag="245">
      <subfield code="a">The social dimension of the length of a hospital stay. The case of the Centre Fòrum subacute care unit</subfield>
   </datafield>
</record></metadata></record></GetRecord></OAI-PMH>